| 000 | 00416nam a2200145Ia 4500 | ||
|---|---|---|---|
| 008 | 230312s9999||||xx |||||||||||||| ||und|| | ||
| 020 | _a113330981X | ||
| 082 |
_a808.066 _bAND-T |
||
| 100 | _aMartin,James | ||
| 245 | 0 | _aCloud Computing and Electronic Discovery Cloud computing and electronic discovery | |
| 260 |
_bCengage _aCanada _c2014 |
||
| 300 | _a645 | ||
| 650 |
_aLiterature _vTechnical Writing |
||
| 942 | _cBK | ||
| 999 |
_c16752 _d16752 |
||